Statistiques concernant Communes de Brabant Flamand sur une Carte

Cliquez ici pour prendre le quiz!

Statistiques générales

  • Ce quiz a été pris 49 fois
  • Le résultat moyen est 25 sur 65

Réponses sur la Carte

Les réponses sont colorées sur une échelle allant du rouge au vert en fonction du pourcentage des utilisateurs qui les ont devinées à leur premier essai. Vous pouvez retrouver ces pourcentages ci-dessous.
 

Statistiques - réponses

Gemeente% Correct
Overijse
83%
Louvain
79%
Léau
76%
Hal
72%
Rhode-Saint-Genèse
72%
Vilvorde
72%
Grimbergen
69%
Zaventem
69%
Tervueren
66%
Crainhem
62%
Dilbeek
62%
Hoeilaert
62%
Tirlemont
59%
Drogenbos
52%
Leeuw-Saint-Pierre
52%
Machelen
52%
Wemmel
52%
Wezembeek-Oppem
52%
Aerschot
48%
Huldenberg
48%
Assche
45%
Diest
38%
Herent
38%
Linkebeek
38%
Lubbeek
38%
Meise
38%
Oud-Heverlee
38%
Beersel
34%
Bertem
34%
Bierbeek
34%
Hougaerde
34%
Landen
34%
Tremelo
34%
Zemst
34%
Kapelle-op-den-Bos
31%
Pepinge
31%
Affligem
28%
Boutersem
28%
Cortenbergh
28%
Liedekerke
28%
Rotselaer
28%
Steenockerzeel
28%
Ternath
28%
Begijnendijk
24%
Biévène
24%
Gammerages
24%
Haecht
24%
Lennik
24%
Linte
24%
Montaigu-Zichem
24%
Tielt-Winge
24%
Boortmeerbeek
21%
Campenhout
21%
Geetbets
21%
Hérinnes
21%
Kortenaken
21%
Londerzeel
21%
Merchtem
21%
Opwijk
21%
Glabbeek
17%
Gooik
17%
Holsbeek
17%
Keerbergen
17%
Roosdael
17%
Bekkevoort
14%

Distribution des résultats

Percentile par nombre de réponses

% des personnes avec chaque résultat

Votre développement - résultats

Vous n’avez pas pris ce quiz